Groupes de choses - Borderlands 2 - Statistiques

Statistiques générales
  • Ce quiz a été pris 21 fois
  • Le résultat moyen est 13 sur 28
Statistiques - réponses
Groupe Réponse % Correct
Personnage jouable Zero
94%
Personnage jouable Maya
88%
Boss obligatoire Le Beau Jack
81%
Personnage jouable Axton
75%
Boss obligatoire BNK-3R
69%
Personnage jouable Salvador
69%
Personnage jouable Gaige
63%
Boss obligatoire Le Guerrier
63%
Boss obligatoire Sanguine
63%
DLC Principaux Tiny Tina et la forteresse du dragon
63%
Boss obligatoire Captain Flynt
50%
DLC Principaux La Chasse au gros gibier de sir Hammerlock
50%
Boss obligatoire Saturne
50%
Boss obligatoire Boom & Vroum
44%
Personnage jouable Kreig
44%
DLC Principaux Le capitaine Scarlett et son butin de pirate
44%
Boss obligatoire G4R-D13N
38%
DLC Principaux Le carnage sanglant de M. Torgue
38%
Boss obligatoire Wilhelm
38%
Boss obligatoire Coeur de primate
31%
DLC Principaux Commandant Lilith et la bataille pour Sanctuary
31%
Boss obligatoire Sale Gueule
31%
DLC Secondaire Le jour où Marcus a sauvé la saint-mercenaire
25%
DLC Secondaire La terrible fringale du dindon de la force affamé
19%
DLC Secondaire La récolte sanglante de T.K. Baha
13%
DLC Secondaire Sir Hammerlock contre le Fils de Crawmerax
13%
DLC Secondaire Creature Slaughterdome
6%
DLC Secondaire Massacre au mariage
6%
Aucun quiz correspondant
Distribution des résultats
% des personnes avec chaque résultat
Percentile par nombre de réponses
Votre historique - résultats
Vous n’avez pas pris ce quiz